Wir haben uns selbst aus Europa vertrieben

Titel: Wir haben uns selbst aus Europa vertrieben : tschechische Selbstkritik an der Vertreibung der Sudetendeutschen ; eine Dokumentation / Leopold Grünwald
Verfasser:
Veröffentlicht: München : Verl.-Haus Sudetenland, 1985
Umfang: 160 S.
Format: Buch
Sprache: Deutsch
Schriftenreihe/
mehrbändiges Werk:
Veröffentlichungen des Sudetendeutschen Archivs in München ; 22
RVK-Notation:
Kein Bild verfügbar
X
Lokale Klassifikation: 25 7 O ; 25 3 H ; 25 5 F ; 22 5 F
alg: 609602
001A    $06000:15-09-88 
001B    $01999:28-04-23 $t18:35:54.000 
001C    $06002:26-02-06 $t23:32:00.000 
001D    $09999:99-99-99 
001U    $0utf8 
001X    $00 
002@    $0Aaxc 
003@    $0006096026 
003O    $021987073 $aOCoLC 
006G    $0881075094 
006U    $088,B38,0826 
007A    $0881075094 $aDNB 
007T    $0Herdhh006096026 
010@    $ager 
011@    $a1985 $n1985 
013H    $0z 
015@    $00 
021A    $a@Wir haben uns selbst aus Europa vertrieben $dtschechische Selbstkritik an der Vertreibung der Sudetendeutschen ; eine Dokumentation $hLeopold Grünwald 
028A    $#Grünwaldt, Leopold $7118542931 $8Grünwald, Leopold$Z1900-1992 [Tp1] $9086883968 
033A    $pMünchen $nVerl.-Haus Sudetenland 
034D    $a160 S. 
036E    $aVeröffentlichungen des Sudetendeutschen Archivs in München $l22 
036F    $x222 $8Veröffentlichung des Sudetendeutschen Archivs in München $9001482629 $l22 
045E    $a63 
045F    $a900.943710904 $eDDC23BSB 
045F/01 $a900 
045F/03 $f0904 
045F/03 $g4371 
045F/03 $g437 
045F/03 $g4385 
045G    $a306.094371 $eDDC23BSB 
045G/01 $a306.09 
045G/03 $g4371 
045Z    $8NQ 5990 [Tkv] $9410916498 

lok: 609602 24
101B    $011-01-06 $t12:38:44.000 
145Z/01 $a25 7 O 
145Z/02 $a25 3 H 
145Z/03 $a25 5 F 
145Z/04 $a22 5 F 
101U    $0utf8 

exp: 609602 24 1 #EPN
201B/01 $011-01-06 $t12:38:44.000 
203@/01 $0086585452 
208@/01 $a16-02-95 $bh 
209A/01 $a25 VII O 2 $du $f050 $h25 7 O 2 $x00 
209B/01 $a55 $x05 
209C/01 $aT 88.1105 $h88 1105 T 
209G/01 $a71277526 $x00 
237A/01 $aHZK 
247C/01 $8358050-7 Marburg, Bibliothek des Herder-Instituts Marburg $9102600961 
201U/01 $0utf8 

lok: 609602 78

exp: 609602 78 1 #EPN
201B/01 $024-11-17 $t23:04:13.000 
201U/01 $0utf8 
203@/01 $0792994744 
208@/01 $a12-11-16 $be 
209A/01 $a/ $f000 $x00 
220C/01 $aAnmerkung: *kko 
237A/01 $aweiterführende Signatur(en): Herder-Institut: 25 VII O 2 
244Z/01 $#Tschechien $#Tschechische Republik $#Tschechische Republik $#Tschechenland $#Tschechei Tschechien $#Česká Republika $#Czech Republic $#ČR $74303381-7 $8--Tg1--Tschechien $x01 $9086659812 
244Z/01 $2Trx $#Böhmen $#Bohemia $#Czechy $8--Trx--Čechy $x02 $9391188941 
244Z/01 $2Trx $#Silesia $#Śląsk $#Sliezsko $#Slezsko $8--Trx--Schlesien $x03 $9391173987 
244Z/01 $2Trx $8--Trx--Monographie $x04 $9391384546 
245Z/01 $a06.04.04 $x01 
247C/01 $82080>Marburg/Lahn, Herder-Institut, Forschungsbibliothek, Bibliographieportal $9336309341 

lok: 609602 205

exp: 609602 205 1 #EPN
201B/01 $008-01-16 $t14:20:19.000 
201C/01 $004-08-98 
201U/01 $0utf8 
203@/01 $0123400333 
208@/01 $a04-08-98 $br 
209A/01 $a070 8 2016/00466 $du $f000 $x00 
209C/01 $a(404) 
209G/01 $a68628741 $x00 
247C/01 $8351000-1 <4>Marburg, Universität Marburg, Universitätsbibliothek $9102594767
LEADER 00000cam a22000002c 4500
001 006096026
003 DE-603
005 20230428183554.0
007 tu
008 880915s1985 xx |||| | u00||u|ger
015 |a 88,B38,0826  |2 dnb 
016 7 |2 DE-101  |a 881075094 
035 |a (DE-599)DNB881075094 
035 |a (OCoLC)21987073 
040 |a DE-603  |b ger  |c DE-603  |d DE-603 
041 |a ger 
082 0 4 |8 1\u  |a 900.943710904  |q DE-101  |2 23/BSB 
083 0 |8 2\u  |a 306.094371  |q DE-101  |2 23/BSB 
084 |a 63  |q DE-101  |2 sdnb 
084 |a NQ 5990  |0 (DE-625)128678:  |0 (DE-603)410916498  |2 rvk 
085 |8 1\u  |b 900 
085 |8 1\u  |z 1  |s 0904 
085 |8 1\u  |z 2  |s 4371 
085 |8 1\u  |z 2  |s 437 
085 |8 1\u  |z 2  |s 4385 
085 |8 2\u  |b 306.09 
085 |8 2\u  |z 2  |s 4371 
100 1 |a Grünwald, Leopold  |d 1900-1992  |0 (DE-603)086883968  |0 (DE-588)118542931  |2 gnd 
245 0 0 |a Wir haben uns selbst aus Europa vertrieben  |b tschechische Selbstkritik an der Vertreibung der Sudetendeutschen ; eine Dokumentation  |c Leopold Grünwald 
264 1 |a München  |b Verl.-Haus Sudetenland  |c 1985 
300 |a 160 S. 
490 1 |a Veröffentlichungen des Sudetendeutschen Archivs in München  |v 22 
810 2 2 |a Sudetendeutsches Archiv  |t Veröffentlichung des Sudetendeutschen Archivs in München  |v 22  |w (DE-603)001482629  |w (DE-600)504307-4  |9 222  |7 as 
924 0 |9 Mb 50  |a (DE-603)086585452  |b DE-Mb50  |c HES  |d c  |g 25 VII O 2 
924 0 |9 2080  |a (DE-603)792994744  |b DE-2080  |c HES  |d d  |g / 
924 0 |9 4  |a (DE-603)123400333  |b DE-4  |c HES  |d c  |g 070 8 2016/00466